000 02270nam0a2200409 i 4500
001 RU\NLR\BIBL_A\010434338
005 20240921205537.0
010 _a9785439606788
_93000
021 _aRU
_b2014-39315
_92399
035 _a(NILC)RuMoRGB-007497523
035 _a(NLR Aleph) 010434338
090 _a9863882
_c9863882
100 _a20140724d2014 km y0rusy50 ca
101 0 _arus
102 _aRU
105 _ay|||z|||000yy
200 1 _aИные меры уголовно-правового характера: проблемы теории, законодательного регулирования и практики применения
_eмонография
_fТ. М. Калинина
210 _aМосква
_cЮрлитинформ
_d2014
215 _a286, [1] с.
_d22
225 1 _aУголовное право
300 _aНа обороте тит. л. авт.: Калинина Т.М., к.ю.н., доц.
320 _aБиблиогр.: с. 265-285 (317 назв.) и в подстроч. примеч.
606 1 _aЛишение свободы
_xЗамена другими видами наказания
_yРоссийская Федерация
_92463604
_3RU\NLR\AUTH\661463684
606 1 _aКонфискация имущества
_xПравовое регулирование
_yРоссийская Федерация
_92280859
_3RU\NLR\AUTH\661366546
606 1 _aПринудительные меры воспитательного характера
_yРоссийская Федерация
_92554602
_3RU\NLR\AUTH\661511474
606 1 _aПринудительные меры медицинского характера
_yРоссийская Федерация
_92111565
_3RU\NLR\AUTH\661276095
610 0 _aконфискация имущества
610 0 _aадминистративный надзор
686 1 _aХ628.104
686 1 _aХ628.419
700 1 _7ca
_8rus
_aКалинина
_bТ. М.
_cканд. юрид. наук
_f1972-
_gТатьяна Михайловна
_9251352
_3RU\NLR\AUTH\770251408
801 0 _aRU
_bРГБ
_c20140527
_gRCR
801 1 _aRU
_bРГБ
_c20140527
_2rusmarc
942 _cBOOK
980 _aNBR